Antología folklórica y musical de Tabasco : (Record no. 3218)
[ view plain ]
| 000 -CABECERA | |
|---|---|
| campo de control de longitud fija | 00657nam a2200181 a 4500 |
| 005 - FECHA Y HORA DE LA ÚLTIMA TRANSACCIÓN | |
| campo de control | 20210223120539.0 |
| 008 - ELEMENTOS DE LONGITUD FIJA--INFORMACIÓN GENERAL | |
| campo de control de longitud fija | 991125s1952 mx 000 0 spa u |
| 035 ## - NÚMERO DE CONTROL DEL SISTEMA | |
| Número de control de sistema | UPN01000003218 |
| 049 ## - COLECCIÓN | |
| Colección | CG |
| 050 #4 - SIGNATURA TOPOGRÁFICA DE LA BIBLIOTECA DEL CONGRESO | |
| Número de clasificación | ML3570 T2 |
| Número de documento/Ítem | S3.2 |
| 100 1# - ASIENTO PRINCIPAL--NOMBRE PERSONAL | |
| Nombre de persona | Santamaría, Francisco Javier, |
| Fechas asociadas al nombre | 1886-1963 |
| 9 (RLIN) | 29952 |
| 245 10 - MENCIÓN DE TÍTULO | |
| Título | Antología folklórica y musical de Tabasco : |
| Resto del título | arreglo y estudio musical de Geronimo Baqueiro Foster / |
| Mención de responsabilidad, etc. | Francisco J. Santamaría. |
| 260 ## - PUBLICACIÓN, DISTRIBUCIÓN, ETC. | |
| Lugar de publicación, distribución, etc. | Villahermosa : |
| Nombre del editor, distribuidor, etc. | Gobierno del Estado de Tabasco, |
| Fecha de publicación, distribución, etc. | 1952. |
| 300 ## - DESCRIPCIÓN FÍSICA | |
| Extensión | xlviii, 462 p. |
| 440 #0 - MENCIÓN DE SERIE/ASIENTO SECUNDARIO--TÍTULO | |
| Título | Publicaciones del Gobierno del Estado ; |
| Designación de volumen o secuencia | 65 |
| 650 #4 - ASIENTO SECUNDARIO DE MATERIA - TERMINO TEMATICO | |
| Término de materia o nombre geográfico como elemento de entrada | MUSICA FOLKLORICA - |
| Subdivisión geográfica | TABASCO |
| 905 ## - TIPO DE MATERIAL | |
| Tipo de material | Libro |
| Estado de retiro | Estado de pérdida | Fuente del sistema de clasificación o colocación | Estado dañado | No para préstamo | Código de colección | Localización permanente | Ubicación/localización actual | Ubicación en estantería | Total de préstamos | Clasificación | Código de barras | Fecha visto por última vez | Número de copia | Tipo de ítem Koha |
|---|---|---|---|---|---|---|---|---|---|---|---|---|---|---|
| Library of Congress Classification | Colección General | Bib. Gregorio Torres Quintero | Bib. Gregorio Torres Quintero | Planta baja | 2 | ML3570 T2 S3.2 | 47043 | 31/12/2020 | 1 | Libro |
